[Event "LTU-ch sf"]
[Site "Kaunas"]
[Date "2024.03.11"]
[Round "8"]
[White "Valantiejus, Jokubas"]
[Black "Michailovas, Ugnius"]
[Result "0-1"]
[WhiteElo "1654"]
[BlackElo "1603"]
[PlyCount "68"]
[EventDate "2024.03.06"]
[EventType "swiss"]
[EventRounds "8"]
[EventCountry "LTU"]
[SourceTitle "CB11_2024"]
[SourceDate "2024.03.13"]
[SourceVersion "1"]
[SourceVersionDate "2024.03.13"]
[SourceQuality "1"]

1. d4 Nf6 2. c4 e6 3. Nf3 d5 4. Nc3 Bb4 5. Qa4+ Nc6 6. e3 Bd7 7. Qc2 0-0 8. Bd2 Re8 9. a3 Bd6 10. cxd5 exd5 11. Be2 b6 12. 0-0 Na5 13. b4 Nb7 14. Nb5 Ne4 15. Nxd6 Nbxd6 16. Ne5 Bf5 17. Bd3 c5 18. bxc5 bxc5 19. dxc5 Rc8 20. Nf3 Rxc5 21. Qb3 Bg4 22. Bb4 Rc8 23. Qxd5 Qf6 24. Nd4 Re5 25. Qa2 Ng5 26. Bxd6 Qxd6 27. Rac1 Rce8 28. Rc6 Qd7 29. Qc4 Bf3 30. Nxf3 Nxf3+ 31. gxf3 Rg5+ 32. Kh1 Qh3 33. Bxh7+ Kh8 34. Be4 Qg2# 0-1

[Event "LTU-ch U18"]
[Site "Kaunas"]
[Date "2022.02.17"]
[Round "3"]
[White "Indriunas, Matas"]
[Black "Valantiejus, Jokubas"]
[Result "1-0"]
[WhiteElo "2131"]
[BlackElo "1272"]
[PlyCount "43"]
[EventDate "2022.02.16"]
[EventType "swiss"]
[EventRounds "7"]
[EventCountry "LTU"]
[SourceTitle "CBM 207 Extra"]
[Source "ChessBase"]
[SourceDate "2022.05.31"]
[SourceVersion "1"]
[SourceVersionDate "2022.05.31"]
[SourceQuality "1"]

1. e4 c6 2. d4 d5 3. e5 Bf5 4. h4 h5 5. Bd3 Bxd3 6. Qxd3 e6 7. Bg5 Be7 8. Nf3 Qb6 9. Nbd2 c5 10. c4 cxd4 11. cxd5 exd5 12. 0-0 Nc6 13. e6 fxe6 14. Qg6+ Kd7 15. Rfe1 Nf6 16. Qf7 Nd8 17. Ne5+ Kd6 18. Qg6 Rc8 19. Bf4 Qa6 20. Rac1 Rxc1 21. Rxc1 Rf8 22. Nf7+ 1-0

[Event "LTU-ch U18"]
[Site "Kaunas"]
[Date "2022.02.16"]
[Round "1"]
[White "Greicius, Pijus"]
[Black "Valantiejus, Jokubas"]
[Result "1-0"]
[WhiteElo "2072"]
[BlackElo "1272"]
[PlyCount "113"]
[EventDate "2022.02.16"]
[EventType "swiss"]
[EventRounds "7"]
[EventCountry "LTU"]
[SourceTitle "CBM 207 Extra"]
[Source "ChessBase"]
[SourceDate "2022.05.31"]
[SourceVersion "1"]
[SourceVersionDate "2022.05.31"]
[SourceQuality "1"]

1. Nf3 Nf6 2. c4 g6 3. Nc3 d5 4. cxd5 Nxd5 5. h4 h5 6. e4 Nxc3 7. dxc3 Qxd1+ 8. Kxd1 Bg4 9. Kc2 f6 10. Be3 e5 11. Bc4 Bd6 12. Nd2 Ke7 13. b4 Nd7 14. Bb3 c6 15. Nc4 Bc7 16. a4 Nb6 17. Bc5+ Ke8 18. Nd6+ Bxd6 19. Bxd6 Be2 20. a5 Nc8 21. Bc5 Bg4 22. f3 Bd7 23. Rhd1 Rh7 24. Rd2 g5 25. Rad1 b6 26. axb6 axb6 27. Bf2 Ra7 28. hxg5 fxg5 29. Bg3 Re7 30. b5 Rc7 31. bxc6 Rxc6 32. Rd5 Be6 33. Rxe5 Bxb3+ 34. Kxb3 Rxe5 35. Bxe5 Ke7 36. Rd5 Rg6 37. Bd4 h4 38. Bf2 Ke6 39. c4 Rg8 40. Kc3 Rg6 41. Kd4 Rg8 42. Kd3 g4 43. Bxh4 gxf3 44. gxf3 Rf8 45. Ke2 Nd6 46. Bf2 Nxc4 47. Rb5 Ra8 48. Bd4 Ra2+ 49. Kd3 Nd6 50. Rxb6 Ra3+ 51. Bc3 Kd7 52. Kd4 Ra4+ 53. Kd5 Nc4 54. Rb7+ Ke8 55. Bb4 Ne3+ 56. Ke6 Ra6+ 57. Bd6 1-0